000 00308nam a22001457a 4500
003 OSt
005 20160727222408.0
008 160624b xxu||||| |||| 00| 0 eng d
040 _cTEST
100 _9900
_aBush, C
245 _aGandhi
260 _aNEW YORK
_bBURKE
_c1988
300 _aGandhi
942 _2ddc
_cBK
999 _c714
_d714